LIBRARY & INFORMATION CENTRE, KCAET, TAVANUR

ONLINE PUBLIC ACCESS CATALOGUE (OPAC)

Normal view MARC view
  • Nagpal, G.R

Entry Personal Name

Number of records used in: 1

001 - CONTROL NUMBER

  • control field: 7354

003 - CONTROL NUMBER IDENTIFIER

  • control field: OSt

005 - DATE AND TIME OF LATEST TRANSACTION

  • control field: 20250328112151.0

008 - FIXED-LENGTH DATA ELEMENTS

  • fixed length control field: 250328|| aca||aabn | a|a d

040 ## - CATALOGING SOURCE

  • Original cataloging agency: OSt
  • Transcribing agency: OSt

100 ## - HEADING--PERSONAL NAME

  • Personal name: Nagpal, G.R

670 ## - SOURCE DATA FOUND

  • Source citation: Work cat.: (OSt)7572: Nagpal, G.R., Tool engineering and design / , 1994.
free website counter